El catecismo de Rodez, explicado en forma de pláticas. Obra utilísima para el clero, para las comunidades religiosas...

Detalles Bibliográficos
Autor principal: LUCHE, (Abad)
Formato: Libro
Publicado: París 1890
Materias:
Colección:Banco de datos
Acervo:Biblioteca del Convento de Santa Mónica de la Ciudad de Puebla. Puebla
Descripción Física:t. III
Tema general:Catequética
Notas:Regular. D2, 31.
LEADER 00752nam a22002050004500
035 |a 50629 
036 |a 397 
100 1 |a LUCHE, (Abad) 
245 1 0 |a El catecismo de Rodez, explicado en forma de pláticas. Obra utilísima para el clero, para las comunidades religiosas...  |c Francisco Navarro tr. 
260 |a París  |b Luis Vives ed., Destenay-Bussiere Freres imp.  |c 1890 
300 |a t. III 
500 |a Regular. D2, 31. 
650 1 0 |a Catequética 
949 |a CRP 
959 |a Ex convento de Santa Mónica. Puebla, Puebla  |b CCC5 
960 |a Convento de Santa Mónica de la ciudad de Puebla  |b DD88 
961 |a Franciscana  |b OF 
942 |c CRP-SM 
943 |g Biblioteca del Convento de Santa Mónica de la Ciudad de Puebla. Puebla 
999 |c 960967  |d 960967